[Event "Hastings Masters"]
[Site "Hastings/UK"]
[Date "2011.01.01"]
[Round "5.1"]
[White "Rendle, Thomas"]
[Black "Howell, David"]
[Result "0-1"]
[WhiteElo "2391"]
[BlackElo "2616"]
[Annotator "Friedel,Frederic"]
[PlyCount "72"]
[EventDate "2011.??.??"]

1. e4 c6 2. d4 d5 3. exd5 cxd5 4. Bd3 Nc6 5. c3 Nf6 6. Bf4 Bg4 7. Qb3 Qc8 8.
Nd2 e6 9. Ngf3 Be7 10. O-O O-O 11. Ne5 Nxe5 (11... Bh5 {is more usual.}) 12.
dxe5 Nd7 13. Qc2 g6 14. h3 Bf5 15. Bxf5 gxf5 16. Nf3 Kh8 17. Ng5 ({A slower
build-up with} 17. Rad1 {may be stronger, as it allows less counterplay.})
17... Qc4 18. Qd2 Nc5 19. Rad1 Rac8 20. b3 Qa6 21. c4 {Commencing a very
interesting and dangerous-looking idea, although the computer is not convinced.
} dxc4 22. Qe2 {The point. The white queen joins the attack on the kingside.}
Bxg5 23. Bxg5 Ne4 24. Qh5 Rg8 25. Bh4 Rg6 26. f3 Qxa2 {Objectively, it seems
that Blck is winning, but both players were short of time by now, and the
position is still very complicated.} 27. g4 Nc3 28. Rf2 Qxb3 29. Rd7 Rf8 30.
Be7 Qb5 31. Rfd2 fxg4 32. Bxf8 gxf3+ $2 ({This actually allows an amazing draw,
but one can hardly expect the players to see the variations involved. Instead,
} 32... Qb6+ 33. Kh2 Ne2 $1 {is winning, eg.} 34. Rxe2 gxf3 {etc.}) 33. Kh2 Qb6
34. R7d4 $2 ({here, the computer points out the incredible drawing line,
starting} 34. Bg7+ $3 {Now both captures fail to win: The correct move, which
Howell had intended, is} Kg8 {when White has the remarkable follow-up} (34...
Kxg7 35. Rxf7+ Kxf7 36. Qxh7+ {is perpetual}) ({whilst} 34... Rxg7 $2 {
actually loses after} 35. Rd8+ Rg8 36. Rxg8+ Kxg8 37. Qg5+) 35. Qxg6 $1 hxg6
36. Bf6 {threatening mate. Howell had even seen this, and thought he could
escape the perpetual with} g5 {but it turns out that he cannot, since after}
37. Rd8+ Kh7 38. Rh8+ Kg6 39. Rg8+ Kf5 40. Rxg5+ Kf4 41. Rg4+ {he has to
acquiesce in the draw, in view of} Ke3 $4 42. Bg5#) 34... Ne2 {Now Black is
winning once again.} 35. Qxf3 Nxd4 36. Qe3 Nf3+ 0-1

[Event "Hastings Masters"]
[Site "Hastings/UK"]
[Date "2011.01.01"]
[Round "5.7"]
[White "Gormally, Daniel"]
[Black "Ramondino, Renzo"]
[Result "1-0"]
[WhiteElo "2480"]
[BlackElo "2289"]
[PlyCount "84"]
[EventDate "2011.??.??"]

1. d4 Nf6 2. Nf3 g6 3. Bg5 Bg7 4. Nbd2 O-O 5. c3 d5 6. Bxf6 exf6 7. g3 Re8 8.
Bg2 Be6 9. O-O f5 10. e3 Nd7 11. Ne1 c6 12. Nd3 f6 13. Rc1 Bf7 14. b3 Bf8 15.
c4 Nb6 16. c5 Nd7 17. b4 Qc7 18. b5 a6 19. a4 Bh6 20. b6 Qd8 21. Nb3 Nf8 22.
Na5 Qd7 23. Nb4 Ne6 24. f4 Nd8 25. Qd3 Bf8 26. Rfe1 Kg7 27. Bf1 Re7 28. Ra1 Qe8
29. Kf2 Be6 {Having established a crushing space advantage, Gormally now broke
through with} 30. Nxb7 $1 Nxb7 31. a5 $1 {White will pick up the a6-pawn next
move,a nd then push his queenside passed pawns.} Bc8 32. Nxa6 {This is one of
those positions where the computer takes a little time to appreciate the
strength of White's position. Against quiet moves by Black, such as} Rxa6 $2 (
32... Qd8 {White continues} 33. Qc3 {followed by Nb4 and a6. Instead,
Ramondino panics and returns some matreial, but this does not solve the
problems of the passed a- and b-pawns, and Gormally duly mops up.}) 33. Qxa6
Nxc5 34. Qa8 Ne4+ 35. Kg2 Nd2 36. a6 Rxe3 37. Rxe3 Qxe3 38. b7 Qe4+ (38... Qf3+
39. Kg1 Qe3+ 40. Kh1 {evades the checks.}) 39. Kh3 Nf3 40. Bd3 Ng5+ 41. fxg5
Qe3 42. Bf1 Qe4 1-0